000
00388nam a2200133Ia 4500
008
151001s9999||||xx |||||||||||||| ||und||
100
_a
स कृ देवधर
245
_a
श्रीसुक्त विविध उपासना
250
_a
1
260
_b
अंजली प्रकाशन पुणे
260
_c
1988
300
_a
120
365
_b
18
999
_c
967362
_d
967359